Anotaciones en torno al poder de la democracia /
sin resumen
Gespeichert in:
| 1. Verfasser: | |
|---|---|
| Format: | Text |
| Schlagworte: | |
| Tags: |
Tag hinzufügen
Keine Tags, Fügen Sie den ersten Tag hinzu!
|
MARC
| LEADER | 00000 a a2200000 04500 | ||
|---|---|---|---|
| 001 | 15493 | ||
| 003 | |||
| 040 | |||
| 100 | |a Molina Jiménez, Carlos | ||
| 245 | |a Anotaciones en torno al poder de la democracia / |c Carlos Molina Jiménez | ||
| 520 | |a sin resumen | ||
| 650 | |a DEMOCRACIA | ||
| 650 | |a SISTEMAS POLITICOS | ||
| 773 | |g volumen 28, número 67 -68; páginas 27-30 | ||
| 999 | |c 22518 |d 22518 | ||
| 773 | 0 | |0 40315 |9 5191 |a Universidad de Costa Rica |d San José, Montes de Oca, Costa Rica: Editorial Universidad de Costa Rica, 1957- |o MFN: 1597 |t Revista de Filosofía/ |x 00348252 | |
